<?xml version="1.0" encoding="UTF-8"?>
<record
    xmlns:xsi="http://www.w3.org/2001/XMLSchema-instance"
    xsi:schemaLocation="http://www.loc.gov/MARC21/slim http://www.loc.gov/standards/marcxml/schema/MARC21slim.xsd"
    xmlns="http://www.loc.gov/MARC21/slim">

  <leader>00570nam a2200193Ia 4500</leader>
  <controlfield tag="008">220501s2018    xx            000 0 eng d</controlfield>
  <datafield tag="020" ind1=" " ind2=" ">
    <subfield code="a">9789352865581</subfield>
  </datafield>
  <datafield tag="082" ind1=" " ind2=" ">
    <subfield code="a">658.4013 KUB-C</subfield>
  </datafield>
  <datafield tag="100" ind1=" " ind2=" ">
    <subfield code="a">Kubiak, T. M.</subfield>
  </datafield>
  <datafield tag="245" ind1=" " ind2="0">
    <subfield code="a">Certified six sigma black belt handbook</subfield>
    <subfield code="c">T. M. Kubiak and Donald W. Benbow</subfield>
  </datafield>
  <datafield tag="250" ind1=" " ind2=" ">
    <subfield code="a">3rd</subfield>
  </datafield>
  <datafield tag="260" ind1=" " ind2=" ">
    <subfield code="a">Noida</subfield>
    <subfield code="b">Pearson</subfield>
    <subfield code="c">2018</subfield>
  </datafield>
  <datafield tag="300" ind1=" " ind2=" ">
    <subfield code="a">xxxvii, 908p.</subfield>
  </datafield>
  <datafield tag="650" ind1=" " ind2=" ">
    <subfield code="a">Quality control - Statistical methods</subfield>
  </datafield>
  <datafield tag="650" ind1=" " ind2=" ">
    <subfield code="a">Six sigma - Quality control standard</subfield>
  </datafield>
  <datafield tag="650" ind1=" " ind2=" ">
    <subfield code="a">Statistics</subfield>
  </datafield>
  <datafield tag="700" ind1=" " ind2=" ">
    <subfield code="a">Benbow, Donald W.</subfield>
  </datafield>
  <datafield tag="942" ind1=" " ind2=" ">
    <subfield code="2">ddc</subfield>
    <subfield code="c">REF</subfield>
  </datafield>
  <datafield tag="999" ind1=" " ind2=" ">
    <subfield code="c">18214</subfield>
    <subfield code="d">18214</subfield>
  </datafield>
  <datafield tag="952" ind1=" " ind2=" ">
    <subfield code="0">0</subfield>
    <subfield code="1">0</subfield>
    <subfield code="2">ddc</subfield>
    <subfield code="4">0</subfield>
    <subfield code="7">0</subfield>
    <subfield code="a">SOBD</subfield>
    <subfield code="b">SOBD</subfield>
    <subfield code="d">2022-05-26</subfield>
    <subfield code="e">Vedi Books</subfield>
    <subfield code="o">658.4013 KUB-C1</subfield>
    <subfield code="p">001520</subfield>
    <subfield code="r">2022-07-01</subfield>
    <subfield code="t">1</subfield>
    <subfield code="w">2022-04-14</subfield>
    <subfield code="y">REF</subfield>
    <subfield code="k">VEDI/22-23/04/11</subfield>
  </datafield>
  <datafield tag="952" ind1=" " ind2=" ">
    <subfield code="0">0</subfield>
    <subfield code="1">0</subfield>
    <subfield code="2">ddc</subfield>
    <subfield code="4">0</subfield>
    <subfield code="7">0</subfield>
    <subfield code="a">SOBD</subfield>
    <subfield code="b">SOBD</subfield>
    <subfield code="d">2022-05-26</subfield>
    <subfield code="e">Vedi Books</subfield>
    <subfield code="o">658.4013 KUB-C2</subfield>
    <subfield code="p">001521</subfield>
    <subfield code="r">2022-07-01</subfield>
    <subfield code="t">2</subfield>
    <subfield code="w">2022-04-14</subfield>
    <subfield code="y">BK</subfield>
    <subfield code="k">VEDI/22-23/04/11</subfield>
  </datafield>
</record>
